vufinder Bibliothèque Municipale de Charleval de Provence
Se connecter
« Retourner aux résultats de recherche

Apprenti loup (L')

Book Cover
Auteur principal: Claude Boujon
Support: Livres
Langue: Francais
Publié: 1987 L'Ecole des Loisirs Paris
Genre: Album
Collection: Lutin poche de l'Ecole des loisirs
Sujets:
Étiquettes: Ajouter
Pas de Tags !

LEADER 00606nam0a2200193 450
001 16823553
010 |a 2-211-01514-X  |d 28 F 
100 |a 19840420d1987 u u0frey01 ba 
101 0 |a fre 
102 |a FR 
200 0 |a Apprenti loup (L')  |f Claude Boujon 
207 1 |a   
210 |a Paris  |b 11 rue de Sèvres.  |c L'Ecole des Loisirs  |d 1987 
215 |a [25] p. 
225 1 |a Lutin poche de l'Ecole des loisirs  |x 0180-9768 
700 0 |a Boujon  |b Claude  |f 1930-1995  |4 440 
900 |a Album 
901 |a Accessible au prêt 
995 |a Bibliothèque  |c Bibliothèque  |f 024016581  |h 024016581  |k A BOU  |o p  |q j  |r az  |e Bibliothèque 

Options de recherche

Historique de recherche
Recherche avancée

Trouver plus

Nouveautés

Besoin d'aide ?

Contacter un bibliothécaire